E61(十勝オホーツク道など)のIC - Statistics

General Stats
  • This quiz has been taken 32 times
  • The average score is 9 of 12
Answer Stats
十勝オホーツク道 % Correct
IC 美幌
89%
IC 足寄
84%
IC 訓子府
79%
IC 北見西
79%
IC 北見東
79%
JCT 本別
74%
IC 陸別小利別
74%
IC 北見中央
74%
IC 女満別空港
74%
IC 美幌高野
58%
IC 北見北上
53%
IC 北見川東
47%
No matching quizzes found
Score Distribution
Percent of People with Each Score
Percentile by Number Answered
Your Score History
You have not taken this quiz